[Event "50th Capablanca Mem Prem"]
[Site "Havana CUB"]
[Date "2015.06.16"]
[Round "2.2"]
[White "Bacallao Alonso, Yusnel"]
[Black "Espinosa Veloz, Ermes"]
[Result "1-0"]
[WhiteTitle "GM"]
[BlackTitle "FM"]
[WhiteElo "2530"]
[BlackElo "2504"]
[WhiteFideId "3507416"]
[BlackFideId "3507424"]
[EventDate "2015.06.15"]

1. e4 e6 2. d4 d5 3. Nc3 Bb4 4. Ne2 dxe4 5. a3 Be7 6. Nxe4 Nf6 7. Nxf6+ Bxf6 8.
Be3 c5 9. c3 cxd4 10. Nxd4 a6 11. Qc2 Nd7 12. Be2 Qc7 13. O-O b6 14. c4 Bb7 15.
b4 O-O 16. Rac1 Rfd8 17. Rfd1 Be5 18. h3 Rac8 19. Nf3 Bd6 20. Rd2 Nf6 21. c5
bxc5 22. bxc5 Bf4 23. Rxd8+ Rxd8 24. c6 Bc8 25. Bxf4 Qxf4 26. c7 Rf8 27. g3 Qd6
28. Qc5 Qd5 29. Ne5 Bb7 30. Bf3 Qxc5 31. Rxc5 Bc8 32. Nc6 Re8 33. Na7 Nd7 34.
Nxc8 1-0

[Event "50th Capablanca Mem Prem"]
[Site "Havana CUB"]
[Date "2015.06.19"]
[Round "5.5"]
[White "Bacallao Alonso, Yusnel"]
[Black "Miton, Kamil"]
[Result "1/2-1/2"]
[WhiteTitle "GM"]
[BlackTitle "GM"]
[WhiteElo "2530"]
[BlackElo "2604"]
[WhiteFideId "3507416"]
[BlackFideId "1111914"]
[EventDate "2015.06.15"]

1. e4 c5 2. Nf3 Nc6 3. Bb5 e6 4. O-O Nge7 5. Re1 Nd4 6. Bf1 Nec6 7. c3 Nxf3+ 8.
Qxf3 g6 9. d3 Bg7 10. Be3 b6 11. Nd2 O-O 12. Rad1 Bb7 13. Nb3 a5 14. a4 d5 15.
d4 cxd4 16. Nxd4 Nxd4 17. Bxd4 dxe4 18. Qf4 Bxd4 19. Rxd4 Qc8 20. Red1 Bd5 21.
Bb5 Qc5 22. c4 Bc6 23. Bxc6 Qxc6 24. b3 e5 25. Qxe5 Rfe8 26. Qf4 Re6 27. Rd7 Rf8
28. R1d5 Rf6 29. Qe5 Re6 30. Qd4 Rfe8 31. Rd8 Qc7 32. g3 h5 33. R8d7 Qc6 34. Qe3
Rf6 35. Rd8 Re6 36. Qd4 Kh7 37. Rxe8 Rxe8 38. Rd6 Qc5 39. Qf6 Kg8 40. Rc6 Qb4
41. Rxb6 Qe1+ 42. Kg2 e3 43. Rb7 Rf8 44. fxe3 Qxe3 45. Qf3 Qd2+ 46. Qf2 Qd3 47.
Qf3 Qd2+ 48. Kh3 Qe1 49. Rb6 Rd8 50. Qf6 Qd1 51. Qf4 Re8 52. Rb7 Rf8 53. Qf2
Qg4+ 54. Kg2 h4 55. h3 Qe4+ 56. Qf3 Qc2+ 57. Qf2 Qe4+ 58. Qf3 Qc2+ 1/2-1/2

[Event "50th Capablanca Mem Prem"]
[Site "Havana CUB"]
[Date "2015.06.25"]
[Round "9.3"]
[White "Bacallao Alonso, Yusnel"]
[Black "Cordova, Emilio"]
[Result "1/2-1/2"]
[WhiteTitle "GM"]
[BlackTitle "GM"]
[WhiteElo "2530"]
[BlackElo "2609"]
[WhiteFideId "3507416"]
[BlackFideId "3801497"]
[EventDate "2015.06.15"]

1. e4 e6 2. d4 d5 3. Nc3 Nc6 4. exd5 exd5 5. Bb5 Bb4 6. Ne2 Ne7 7. a3 Bxc3+ 8.
Nxc3 a6 9. Bxc6+ Nxc6 10. O-O O-O 11. Bf4 Bf5 12. Qd2 Bg6 13. Rfe1 Qd7 14. Re2
Rae8 15. Rae1 Rxe2 16. Nxe2 Re8 17. Bg3 f6 18. f3 1/2-1/2

[Event "50th Capablanca Mem Prem"]
[Site "Havana CUB"]
[Date "2015.06.25"]
[Round "9.5"]
[White "Duda, Jan-Krzysztof"]
[Black "Kunin, Vitaly"]
[Result "1/2-1/2"]
[WhiteTitle "GM"]
[BlackTitle "GM"]
[WhiteElo "2610"]
[BlackElo "2579"]
[WhiteFideId "1170546"]
[BlackFideId "4128737"]
[EventDate "2015.06.15"]

1. e4 e5 2. Nf3 Nf6 3. Nc3 Nc6 4. Bb5 Bd6 5. d3 h6 6. a3 a6 7. Bc4 b5 8. Ba2 Bb7
9. Be3 Ng4 10. Bd2 Bc5 11. O-O O-O 12. Nd5 d6 13. b4 Ba7 14. a4 Ne7 15. h3 Bxd5
16. hxg4 Bxa2 17. Rxa2 f6 18. c3 Bb6 19. Qb3+ Kh7 20. Qe6 Rb8 21. g5 hxg5 22.
Bxg5 Qe8 23. axb5 axb5 24. Be3 Qf7 25. Qh3+ Kg8 26. Ra6 Ng6 27. Qh5 Nf4 28.
Qxf7+ Kxf7 29. Bxf4 exf4 30. Rfa1 Rh8 31. Nd4 g5 32. Nxb5 g4 33. c4 Kg6 34. d4
c6 35. c5 dxc5 36. bxc5 Bxc5 37. dxc5 Rxb5 38. Rxc6 Rh5 39. Rc8 Rhxc5 40. Rg8+
Kh5 41. g3 f3 42. Rh8+ Kg6 43. Rg8+ Kh5 44. Ra7 Kh6 45. Rh8+ Kg6 46. Rg8+ Kh5
47. Rh8+ Kg6 48. Rg8+ 1/2-1/2